| 000 | 00420 a2200133 4500 | ||
|---|---|---|---|
| 005 | 20250820070310.0 | ||
| 082 | _a657 NBA | ||
| 100 | _aNBAA | ||
| 245 | _aCorporate reporting, C2 - Auditing and assuarance, C3 - Business and corporate finance, C4 - Public finance and taxaTion II: Final stage Q&A | ||
| 260 |
_aDar es Salaam _bNBAA _cNov, 2015 |
||
| 300 |
_a108p.: ill. ; Table _c20cm |
||
| 610 | _tNBAA | ||
| 942 |
_2ddc _cBKS |
||
| 999 |
_c6778 _d6778 |
||